Investigación en salud: dimensión ética
Αποθηκεύτηκε σε:
| Κύριοι συγγραφείς: | , , |
|---|---|
| Μορφή: | Βιβλίο |
| Γλώσσα: | Ισπανικά |
| Έκδοση: |
Santiago
CIEB
2006
|
| Έκδοση: | 1a. ed |
| Θέματα: | |
| Ετικέτες: |
Προσθήκη ετικέτας
Δεν υπάρχουν, Καταχωρήστε ετικέτα πρώτοι!
|
MARC
| LEADER | 00000nam a2200000 a 4500 | ||
|---|---|---|---|
| 001 | UCK9448 | ||
| 003 | CL-VaPUC | ||
| 008 | 060512e20060000CL |||||||||||||||||spa|d | ||
| 020 | |a 9561905019 | ||
| 082 | 0 | 4 | |a 174.957 |b LOL |2 21 |
| 100 | |a Lolas Stepke, Fernando |e autor |9 552726 | ||
| 700 | 0 | |a Quezada Sepúlveda, Alvaro |e author |9 499274 | |
| 700 | 0 | |a Rodríguez Yunta, Eduardo |e author |9 499275 | |
| 245 | 1 | 0 | |a Investigación en salud: dimensión ética |
| 250 | |a 1a. ed | ||
| 300 | |a 390 p | ||
| 942 | |c BK | ||
| 945 | |d 20060512 00:00:00 |a jtorresc | ||
| 260 | |a Santiago |b CIEB |c 2006 | ||
| 650 | 0 | |a Ética médica |9 312024 | |
| 650 | 0 | |a Bioética |9 256117 | |
| 650 | 0 | |a Vida humana |9 334108 | |
| 650 | 0 | |a Investigación científica |9 259857 | |
| 583 | |a last modification |c 20060512 00:00:00 |k Rodrigo Vera | ||
| 999 | |c 316653 |d 316651 | ||
| 952 | |0 0 |1 0 |4 0 |6 174_957000000000000_LOL_2006 |7 0 |8 A |9 391288 |a BIBCUR |b BIBCUR |d 2019-11-22 |i 4228146 |o 174.957 LOL 2006 |p 4228146 |r 2025-04-22 |w 2019-11-22 |y BK |k BCB | ||
| 952 | |0 0 |1 0 |4 0 |6 174_957000000000000_LOL_2006 |7 0 |8 A |9 391289 |a BIBTEO |b BIBTEO |d 2019-11-22 |i 4282183 |o 174.957 LOL 2006 |p 4282183 |r 2025-01-17 |w 2019-11-22 |y BK |k ICR | ||
| 952 | |0 0 |1 0 |4 0 |6 174_957000000000000_LOL_2006 |7 0 |8 A |9 391290 |a BIBDER |b BIBDER |d 2019-11-22 |i 4287584 |o 174.957 LOL 2006 |p 4287584 |r 2023-01-25 |w 2019-11-22 |y BK |k DER | ||